01202nam a2200313Ia 4500001001200000003000800012006001900020007001500039008004100054020001800095020001800113040002100131035002100152050002800173100002300201245010300224260004300327300002400370500002000394533015200414650002500566650006000591655002900651700002300680700002500703710001700728856012600745999001700871ebr10627288CaPaEBRm u cr cn|||||||||111102s2012 enka s 001 0 eng d z9781849518628 z9781849518635 aCaPaEBRcCaPaEBR a(OCoLC)82372758214aTK5105.888b.F56 2012eb1 aFinnigan, Kenneth.10aGateIn cookbookh[electronic resource] /cKenneth Finnigan, Luca Stancapiano, Piergiorgio, Lucidi. aBirmingham :bPackt Publishing,c2012. aiii, 375 p. :bill. aIncludes index. aElectronic reproduction.bPalo Alto, Calif. :cebrary,d2011.nAvailable via World Wide Web.nAccess may be limited to ebrary affiliated libraries. 0aWeb portalsxDesign. 0aIntranets (Computer networks)xDesign and construction. 7aElectronic books.2local1 aStancapiano, Luca.1 aLucidi, Piergiorgio.2 aebrary, Inc.40uhttp://site.ebrary.com/lib/rucke/Doc?id=10627288zAn electronic book accessible through the World Wide Web; click to view c66765d66765